Abecedarios de relieve : Tipos 'Braille' y usual Tipos 'Braille' y usual
Publicado:
Barcelona . (Copisteria e Imprenta especial para ciegos de la Casa Provincial de Caridad), [s.a.] :
Descripción Física:
[6] f. ; 14 cm
MARC
| LEADER | 00000nam a2200000Ia 4500 | ||
|---|---|---|---|
| 001 | 8495 | ||
| 008 | 160829s9999 xx 000 0 cat d | ||
| 080 | |a FU-1-51 | ||
| 245 | |a Abecedarios de relieve : |b Tipos 'Braille' y usual | ||
| 260 | |a Barcelona . (Copisteria e Imprenta especial para ciegos de la Casa Provincial de Caridad), [s.a.] | ||
| 300 | |a [6] f. ; |c 14 cm | ||
| 650 | |a Braille |9 20752 | ||
| 650 | |a Abecedaris |9 20753 | ||
| 901 | |a Arxiu | ||
| 942 | |n 1 | ||
| 952 | |0 0 |1 0 |4 0 |6 FU151 |7 1 |9 41651 |a Arxiu |b Arxiu |d 2016-12-01 |l 0 |o FU-1-51 |p 8495 |r 2016-12-01 00:00:00 |w 2016-12-01 |y ARXIU | ||
| 999 | |c 43541 |d 43541 | ||